000 00214nam a2200085Ia 4500
008 120527s9999 xx 000 0 und d
100 _aGUENGERCH.F.Peter.
245 _aMammalian cytochromes P-450 vol II.
942 _cBK
999 _c23900
_d23900